Social interaction.

保存先:
書誌詳細
第一著者: Argyle, Michael
フォーマット: 図書
言語:Undetermined
出版事項: London Methuen 1969
主題:
タグ: タグ追加
タグなし, このレコードへの初めてのタグを付けませんか!
Thư viện lưu trữ: Trung tâm Học liệu Trường Đại học Cần Thơ
LEADER 00451nam a2200181Ia 4500
001 CTU_91326
008 210402s9999 xx 000 0 und d
082 |a 301.1 
082 |b A695 
100 |a Argyle, Michael 
245 0 |a Social interaction. 
245 0 |c Michael Argyle 
260 |a London 
260 |b Methuen 
260 |c 1969 
650 |a Social interaction 
904 |i Năm 
980 |a Trung tâm Học liệu Trường Đại học Cần Thơ